| 000 | 00341nam a2200133Ia 4500 | ||
|---|---|---|---|
| 008 | 221007s9999 xx 000 0 und d | ||
| 041 | _aeng | ||
| 082 | _bPAT | ||
| 100 |
_aPatki G (2k61038) _9102232 |
||
| 245 | _aStudy of Brand Awareness in Retail Market | ||
| 260 |
_c2008 _bPune University _aPune |
||
| 520 | _aRamdas S | ||
| 906 | _bGeneral | ||
| 999 |
_c69393 _d69393 |
||